Internet - Les navigateurs les plus utilisés en France - Statistiques

Statistiques générales
  • Ce quiz a été pris 161 fois
  • Le résultat moyen est 3 sur 5
Statistiques - réponses
Rang % du marché Navigateur % Correct
1 57.94 Chrome
99%
2 25.10 Safari
64%
3 5.71 Firefox
58%
4 5.46 Edge
39%
5 3.76 Samsung
8%
Aucun quiz correspondant
Distribution des résultats
% des personnes avec chaque résultat
Percentile par nombre de réponses
Votre historique - résultats
Vous n’avez pas pris ce quiz